| 000 | 00727cam a22002531 4500 | ||
|---|---|---|---|
| 001 | gs 50000270 | ||
| 003 | DLC | ||
| 005 | 20260227111357.0 | ||
| 008 | 811013s1950 gw b b 000 0 ger c | ||
| 010 | _ags 50000270 | ||
| 035 | _a(OCoLC)7844196 | ||
| 040 |
_aU.S. Geol. Survey Libr. _cTxHR _dDLC |
||
| 042 | _apremarc | ||
| 043 | _ae-gx--- | ||
| 050 | 0 | 0 |
_aQE269 _b.G36 Nr. 2 |
| 100 | 1 | _aAbele, Gustav. | |
| 245 | 1 | 4 | _aDie Heil- und Mineralquellen Südbayerns. |
| 260 |
_aMünchen, _c1950. |
||
| 300 |
_a112 p. _b2 fold. maps. _c24 cm. |
||
| 440 | 0 |
_aGeologica bavarica, _vNr. 2 |
|
| 504 | _a"Schriftenverzeichnis": p. 107-112. | ||
| 650 | 0 |
_aMineral waters _zGermany _zBavaria. |
|
| 650 | 0 |
_aSprings _zGermany _zBavaria. |
|
| 999 |
_c28502 _d28502 |
||